000 00278nam a2200109Ia 4500
008 200302s9999 xx 000 0 und d
100 _aSaiyid Athar Abbas Rizvi
245 _aFathepur - Sikri
260 _bTaraporevala Sons & Co., Pvt., Ltd.,
260 _c1975
300 _a175 P.,
999 _c2280
_d2280